=LDR 00000nam 2200000 4500 =001 INLIS000000000047680 =005 20160210113926.0 =006 =007 =008 =035 ##$$0010-021600000000068 =040 ##$$a NPBDMAT =082 ##$$a R.351.72 =090 ##$$a R. 351.72 $b Not n =245 ##$$a NOTA Keuangan dan Rancangan Anggaran Pendapatan dan Belanja Negara Tahun Anggaran 2007 =260 ##$$a Jakarta : $b Departemen Keuangan Republik Indonesia, $c 2007 =300 ##$$a 157 hlm $c 28 cm =650 ##$$a Anggaran Pendapatan dan Belanja Negara =990 ##$$a 0001/BPAP-NTB/2016